000 00872nam a22002777a 4500
001 BR7804354
003 BR-BrBNA
005 20230928085643.0
007 ta
008 230509b bl.||||| |||| 00| 0 por d
040 _aBR-BrBNA
_bpor
_cBiblioteca Nacional de Agricultura
041 _a(Por)
072 _aE10
_b/G514
090 _ E10 BR7804354
100 1 _aOliveira, P.F.L.
110 1 _aCoordenadoria Estadual de Planejamento Agricola, Porto Alegre, RS (Brasil)
_92991
245 1 _aEstrutura agraria e agricultura gaucha [Rio Grande do Sul; Brasil]
_bAnalise com bases nas estatisticas cadastrais e censitarias
260 3 _aPorto Alegre, RS (Brasil):
_c1978.
300 _a68 p.
500 _a36 tables
650 _aMacroeconomia
650 _aEstrutura agraria
650 _aRio Grande do Sul
909 _a202309
_bLucia
_c55
_dLucia Elande
942 _cBK
999 _c25605
_d25605